US States With The Highest Tooth Fairy pay per tooth - Statistics

General Stats
  • This quiz has been taken 26 times
  • The average score is 11 of 15
Answer Stats
State Tooth fairy pay($) % Correct
New York $5.88
96%
Texas $6.00
87%
Florida $7.42
83%
Georgia $5.81
74%
Hawaii $8.39
74%
New Jersey $5.61
74%
Pennsylvania $5.44
74%
Michigan $5.48
70%
Wisconsin $5.89
70%
Nevada $5.21
65%
Rhode Island $6.12
65%
Mississippi $6.17
61%
New Mexico $5.29
61%
Alabama $5.57
57%
Delaware $8.91
57%
No matching quizzes found
Score Distribution
Percent of People with Each Score
Percentile by Number Answered
Your Score History
You have not taken this quiz